Statistics for England County Quiz - Hertfordshire

Click here to take the quiz!

General Stats

  • This quiz has been taken 189 times
  • The average score is 8 of 15

Answer Stats

HintAnswer% Correct
County townHertford
87%
Hertfordshire is one of this group of counties which are close to London{Home} Counties
79%
London orbital motorway that passes through the south west corner of the countyM25
79%
Boy wizard whose adventures were brought to life at a film studio complex in LeavesdenHarry Potter
78%
Modern name given to the Roman town of VerulamiumSt. Albans
77%
Town in Hertfordshire with the largest populationWatford
74%
The UK's first designated 'New Town' under the New Towns Act of 1946Stevenage
55%
Born in Bishops Stortford, this mining magnate and politician gave his name to the
country now known as Zimbabwe
Cecil Rhodes
53%
Country house set in a large park, frequently visited by Elizabeth I{Hatfield} House
50%
Jane Austen novel predominantly set in HertfordshirePride and Prejudice
48%
Tributary of the River Thames that flows through Hertfordshire on its way to LondonLea
41%
Former member of the Spice Girls, born in the countyGeri Halliwell
38%
Artist, most famous for his public works of art, celebrated by a sculpture park in Perry GreenHenry Moore
24%
English rock band formed in the above town in 1968. Considered to be one of the pioneers of heavy metal and modern hard rockDeep Purple
22%
Hitchin born cyclist and Olympic gold medal winnerVictoria Pendleton
15%

Score Distribution

Percentile by Number Answered

Percent of People with Each Score

Your Score History

You have not taken this quiz